000 00676nam a2200229 i 4500
001 78736
003 ES-MaACL
005 20230906173810.0
007 t|
008 041015s1968 sp ||||1| spa d
100 1 _aHeer, Friedrich.
_962306
245 1 0 _aHumanismo abierto /
_cFriedrich Heer ; [traducción por María Rosa Borrás].
250 _a1ª ed.
260 _aBarcelona :
_bEstela,
_c1968.
300 _a372 p. ;
_c20 cm.
490 1 _aCristianismo y tiempo ;
_v44
650 4 _aHumanismo cristiano.
_9165808
700 1 _aBorrás, María Rosa.
_930553
830 1 _aCristianismo y tiempo ;
_v44
_9181569
852 _aES-MaACL
_jG-3939
999 _c78736
_d78736